ბათუმის შოთა რუსთაველის სახელმწიფო უნივერსიტეტის ბიბლიოთეკა

Искусство древней Греции / (ბიბ.ჩანაწერი № 60757)

000 -LEADER
fixed length control field 00695nam a22001817a 4500
005 - DATE AND TIME OF LATEST TRANSACTION
control field 20231019105300.0
008 - FIXED-LENGTH DATA ELEMENTS--GENERAL INFORMATION
fixed length control field 231019s2007 ru ||||| |||| 00| 0 r d
020 ## - INTERNATIONAL STANDARD BOOK NUMBER
International Standard Book Number 9785979400129
041 ## - LANGUAGE CODE
Language code of text/sound track or separate title rus
080 ## - UNIVERSAL DECIMAL CLASSIFICATION NUMBER
Universal Decimal Classification number 73/76 C-34
100 ## - MAIN ENTRY--PERSONAL NAME
Personal name Сиблер, Майкл
9 (RLIN) 20121
245 ## - TITLE STATEMENT
Title Искусство древней Греции /
Statement of responsibility, etc. Майкл Сиблер; რედ. Норберт Вольф.
264 ## - PRODUCTION, PUBLICATION, DISTRIBUTION, MANUFACTURE, AND COPYRIGHT NOTICE
Place of production, publication, distribution, manufacture Москва :
Name of producer, publisher, distributor, manufacturer Арт-Родник ,
Date of production, publication, distribution, manufacture, or copyright notice 2007.
300 ## - PHYSICAL DESCRIPTION
Extent 96 стр.;
Other physical details ил.;
Dimensions 23 см.
653 ## - INDEX TERM--UNCONTROLLED
keyword ძველი საბერძნეთის ხელოვნება
700 ## - ADDED ENTRY--PERSONAL NAME
Personal name Вольф, Норберт
Relator term რედაქტორი
9 (RLIN) 20122
942 ## - ADDED ENTRY ELEMENTS (KOHA)
Source of classification or shelving scheme
Koha item type წიგნი
ეგზემპლარები
Withdrawn status Lost status Source of classification or shelving scheme Damaged status Not for loan Permanent Location Current Location Shelving location Date acquired Cost, normal purchase price Full call number Barcode Date last seen Copy number Uniform Resource Identifier Price effective from Koha item type Public note
          ბათუმის შოთა რუსთაველის სახელმწიფო უნივერსიტეტის მთავარი ბიბლიოთეკა ბათუმის შოთა რუსთაველის სახელმწიფო უნივერსიტეტის მთავარი ბიბლიოთეკა წიგნსაცავი 2023-10-19 8.00 73/76 C-34 65316 2023-10-19 65316 ბსუ-ს საპატიო დოქტორის გურამ ლორთქიფანიძის საჩუქარი 2023-10-19 წიგნი 8 ლ.